| 000 | 01123nam a2200385 a 4500 | ||
|---|---|---|---|
| 003 | AR-BaBNM | ||
| 005 | 20251128205540.0 | ||
| 008 | 082120s2002 ||||||||||||||000 | spa|| | ||
| 020 | _a84-7509-223-3 | ||
| 040 | _cAR-BaBNM | ||
| 245 | 0 | 0 | _aCreatividad y educación |
| 250 | _a3ª ed. | ||
| 260 |
_aBarcelona _bPaidós _c1994 |
||
| 300 | _a115 p. | ||
| 490 | 0 |
_aPaidós educador _vv. 44 |
|
| 500 | _aContiene referencias bibliográficas al final de cada capítulo | ||
| 650 | 4 | _aCREATIVIDAD | |
| 650 | 4 | _aMETODOS DE ENSEÑANZA | |
| 650 | 4 | _aDESARROLLO DEL NIÑO | |
| 650 | 4 | _aDESARROLLO COGNOSCITIVO | |
| 650 | 4 | _aINTELIGENCIA | |
| 650 | 4 | _aIMAGINACION | |
| 650 | 4 | _aDESARROLLO DE LA CREATIVIDAD | |
| 650 | 4 | _aADOLESCENCIA | |
| 650 | 4 | _aPSICOLOGIA | |
| 700 | 1 |
_aStrom, R.D. _ecompilador |
|
| 700 | 1 |
_aGuilford, J.P. _ecolaborador |
|
| 700 | 1 |
_aLagemann, John Kord _ecolaborador |
|
| 700 | 1 |
_aEisner, Jerome L. _ecolaborador |
|
| 700 | 1 |
_aWallach, Michael A. _ecolaborador |
|
| 700 | 1 |
_aKogan, Nathan _ecolaborador |
|
| 700 | 1 |
_aTorrance, E. Paul _ecolaborador |
|
| 942 | _cBK | ||
| 998 | _cSILVI | ||
| 999 |
_c11839 _d11839 |
||